Six Million Dollar Man Intro Quiz Stats

 Plays Quiz Updated Dec 30, 2013

Support Sporcle.
Go Orange.
Score 0/41 Timer 02:00
0 Plays Today
% Correct
a
88.4%
the
85.8%
the
85.8%
the
85.8%
we
81.7%
We
81.7%
We
81.7%
can
78%
him.
76.4%
man
73.5%
man.
73.5%
man.
73.5%
rebuild
68.1%
be
63.1%
have
61.8%
have
61.8%
Steve
58.3%
Steve
58.3%
technology.
57.6%
faster.
56.7%
he
55.8%
% Correct
stronger,
55.6%
Austin,
54.8%
Austin
54.8%
to
48.4%
make
46.5%
was
45.4%
will
45.3%
Better
45%
Better,
45%
bionic
40%
astronaut,
36.9%
than
34.4%
that
33%
first
29.8%
before.
28.5%
alive.
28%
barely
27.3%
world's
26.2%
Gentlemen,
18.2%
capability
14.2%

From the Vault

Fallen Phrase

by mg10

What happens when it all falls down.
Remove Ads.
Support Sporcle.
Get the best of Sporcle when you Go Orange. This ad-free experience offers more features, more stats, and more fun while also helping to support Sporcle. Thank you for becoming a member.

Show Comments

Extras

Top Quizzes Today


Score Distribution

Your Account Isn't Verified!

In order to create a playlist on Sporcle, you need to verify the email address you used during registration. Go to your Sporcle Settings to finish the process.

Report this User

Report this user for behavior that violates our Community Guidelines.

Details: